00301nam a2200121 a 4500008004100000050001600041100002000057245002400077246001400101260003800115300001700153350000900170120416s1970 ||||||||||||||||| || u aNA 1068 Peh aPehnt, Wolfgang10aGerman architecture a1960-1970 aLondonbArchitectural Pressc1970 a240p. : ill. a0.00